000 00425nam a2200157 i 4500
001 94340
003 ES-MaACL
005 20230906181444.0
007 t|
008 050428s1970 sp ||||1| spa d
100 1 _aLorente, Gabriel.
_974097
245 1 0 _aReportajes de la ciencia actual /
_cGabriel Lorente.
260 _aBilbao :
_bMensajero,
_c1970.
300 _a169 p. ;
_c20 cm.
852 _aES-MaACL
_jC-49070
_bR.75397
999 _c94340
_d94340